[Event "AUT-ch Rapid"]
[Site "Innsbruck"]
[Date "2024.05.31"]
[Round "8"]
[White "Erlacher, Herbert"]
[Black "Thurner, Sebastian"]
[Result "1-0"]
[WhiteElo "1899"]
[BlackElo "1750"]
[PlyCount "115"]
[EventDate "2024.05.30"]
[EventType "swiss (rapid)"]
[EventRounds "9"]
[EventCountry "AUT"]
[SourceTitle "CBM 220 Extra"]
[Source "ChessBase"]
[SourceDate "2024.07.31"]
[SourceVersion "1"]
[SourceVersionDate "2024.07.31"]
[SourceQuality "1"]

1. Nf3 Nf6 2. c4 g6 3. g3 Nc6 4. Bg2 e5 5. d3 Bg7 6. 0-0 d6 7. a3 a5 8. Nc3 0-0 9. Rb1 Rb8 10. Bd2 d5 11. cxd5 Nxd5 12. Nxd5 Qxd5 13. Bc3 Qe6 14. Ng5 Qe7 15. h4 h6 16. Nf3 Rd8 17. Nd2 Bg4 18. Re1 Qe6 19. Kh2 b5 20. f3 b4 21. axb4 axb4 22. fxg4 bxc3 23. bxc3 Ne7 24. c4 Qxg4 25. Ne4 Nf5 26. Bh3 Qh5 27. g4 Qxh4 28. gxf5 Qf4+ 29. Ng3 e4 30. Rxb8 Rxb8 31. Rf1 Qe5 32. d4 Qe7 33. fxg6 fxg6 34. d5 Be5 35. Rg1 Qh4 36. Rg2 g5 37. e3 h5 38. Kg1 Qxh3 39. Nxh5 Ra8 40. Rxg5+ Kh7 41. Rxe5 Qxe3+ 42. Kh1 Qh3+ 43. Kg1 Ra2 44. Nf6+ Kg7 45. Qg4+ Qxg4+ 46. Nxg4 e3 47. Nxe3 Kf6 48. Re6+ Kg5 49. Nf1 Rc2 50. Rc6 Kf4 51. Rxc7 Ke5 52. Ne3 Rc3 53. Ng4+ Kd6 54. Rc6+ Kd7 55. Kf2 Rc2+ 56. Ke3 Rc3+ 57. Kd4 Rf3 58. Ne5+ 1-0

[Event "AUT-ch Rapid"]
[Site "Innsbruck"]
[Date "2024.05.30"]
[Round "2"]
[White "Thurner, Sebastian"]
[Black "Walder, Elias"]
[Result "1/2-1/2"]
[WhiteElo "1750"]
[BlackElo "1962"]
[PlyCount "134"]
[EventDate "2024.05.30"]
[EventType "swiss (rapid)"]
[EventRounds "9"]
[EventCountry "AUT"]
[SourceTitle "CBM 220 Extra"]
[Source "ChessBase"]
[SourceDate "2024.07.31"]
[SourceVersion "1"]
[SourceVersionDate "2024.07.31"]
[SourceQuality "1"]

1. e4 e6 2. Nf3 d5 3. Nc3 Nf6 4. e5 Nfd7 5. d4 Be7 6. Be3 c5 7. Bb5 Nc6 8. Qd2 cxd4 9. Bxd4 Qc7 10. 0-0 a6 11. Ba4 b5 12. Bb3 Nxd4 13. Qxd4 Bc5 14. Qg4 0-0 15. Bxd5 exd5 16. Nxd5 Qa7 17. e6 fxe6 18. Qxe6+ Kh8 19. Ne7 Nf6 20. Nxc8 Raxc8 21. Rad1 Rce8 22. Qh3 Re2 23. Kh1 Rxf2 24. Rfe1 Qc7 25. Ne5 Re8 26. Ng6+ Kg8 27. Rxe8+ Nxe8 28. Qe6+ Qf7 29. Qxf7+ Kxf7 30. Ne5+ Ke6 31. Nd3 Rf5 32. g4 Rg5 33. h4 Rxg4 34. Nxc5+ Kf5 35. Rf1+ Kg6 36. Nd3 Rxh4+ 37. Kg2 Re4 38. Rf2 Nc7 39. Kf3 Re7 40. Rg2+ Kf7 41. Rg5 h6 42. Rc5 Ne6 43. Rd5 Ng5+ 44. Kg4 Re2 45. Rd7+ Kf6 46. Rd6+ Re6 47. Rd7 Ne4 48. Nf4 Rd6 49. Nh5+ Ke5 50. Rxg7 Nf6+ 51. Nxf6 Rxf6 52. Rb7 Kd4 53. a4 Kc5 54. axb5 axb5 55. Kh5 Kb4 56. Rb8 Rf2 57. Rc8 Rh2+ 58. Kg4 Re2 59. Kh5 Rh2+ 60. Kg4 Rh1 61. Rc3 Rb1 62. Rb3+ Kc4 63. Rc3+ Kd4 64. Rb3 Kc4 65. Rc3+ Kd4 66. Rb3 Kc4 67. Rc3+ Kd4 1/2-1/2